LEADER 01115nam0-22003131i-450- 001 990001798330403321 005 20021010 035 $a000179833 035 $aFED01000179833 035 $a(Aleph)000179833FED01 035 $a000179833 100 $a20021010d--------km-y0itay50------ba 101 0 $aita 200 1 $aRelazione sui risultati ottenuti nell' esperimentare il sistema ed il macchinario Acapulco per l' estrazione dell' olio dalle olive$fE. Mingioli. 210 $aRoma$c...$d1911. 215 $a26 p.$d26 cm 300 $aEstr. da: Bollettino ufficiale del Ministero di Agricoltura, Industria e Commercio, ser. C,10(6),1911. 610 0 $aOlio d'oliva 676 $a664.3 700 1$aMingioli,$bEustachio$010143 801 0$aIT$bUNINA$gRICA$2UNIMARC 901 $aBK 912 $a990001798330403321 952 $a60 MISC. B 67$b$fFAGBC 952 $a60 DONO COMES 3/35$b36448$fFAGBC 959 $aFAGBC 996 $aRelazione sui risultati ottenuti nell' esperimentare il sistema ed il macchinario Acapulco per l' estrazione dell' olio dalle olive$9410638 997 $aUNINA DB $aING01 LEADER 01416nam2 2200373 i 450 001 VAN00018785 005 20250218095514.915 010 $a88-339-0770-8 100 $a20040702d1993 |0itac50 ba 101 $aita 102 $aIT 105 $a|||| ||||| 181 $ai$b e 182 $an 200 1 $aˆ18: La ‰vita simbolica$e1939-61$fCarl Gustav Jung 210 $aTorino$cBollati Boringhieri$d1993 215 $a121 p.$d18 cm 461 1$1001VAN00018780$12001 $aOpere$fCarl Gustav Jung$1210 $aTorino$cBollati Boringhieri$1215 $avolumi$d22 cm$v18 606 $aInconscio$3VANC008777$2FI 606 $aSimboli$xPsicanalisi$3VANC009238$2FI 620 $dTorino$3VANL000001 676 $a154.2$v21 700 1$aJung$bCarl G.$3VANV014849$0730920 712 $aBollati Boringhieri $3VANV107995$4650 790 1$aJung, Karl Gustav$zJung, Carl G.$3VANV014850 790 1$aJung, Carl Gustav$zJung, Carl G.$3VANV062470 790 1$aJung, C.G.$zJung, Carl G.$3VANV062471 790 1$aJung, C. G.$zJung, Carl G.$3VANV062472 801 $aIT$bSOL$c20250221$gRICA 899 $aBIBLIOTECA DEL DIPARTIMENTO DI PSICOLOGIA$1IT-CE0119$2VAN16 912 $aVAN00018785 950 $aBIBLIOTECA DEL DIPARTIMENTO DI PSICOLOGIA$d16CONS 656 $e16VS 2329 20040702 996 $aVita simbolica$91401603 997 $aUNICAMPANIA LEADER 04475nam 22006975 450 001 9910300159903321 005 20251230064133.0 010 $a3-0348-0816-X 024 7 $a10.1007/978-3-0348-0816-3 035 $a(CKB)3710000000118083 035 $a(EBL)1730938 035 $a(OCoLC)883570908 035 $a(SSID)ssj0001245585 035 $a(PQKBManifestationID)11721533 035 $a(PQKBTitleCode)TC0001245585 035 $a(PQKBWorkID)11329771 035 $a(PQKB)10390969 035 $a(MiAaPQ)EBC1730938 035 $a(DE-He213)978-3-0348-0816-3 035 $a(PPN)178783471 035 $a(EXLCZ)993710000000118083 100 $a20140523d2014 u| 0 101 0 $aeng 135 $aur|n|---||||| 181 $ctxt 182 $cc 183 $acr 200 10$aOperator Theory, Operator Algebras and Applications /$fedited by M. Amélia Bastos, Amarino Lebre, Stefan Samko, Ilya M. Spitkovsky 205 $a1st ed. 2014. 210 1$aBasel :$cSpringer Basel :$cImprint: Birkhäuser,$d2014. 215 $a1 online resource (379 p.) 225 1 $aOperator Theory: Advances and Applications,$x2296-4878 ;$v242 300 $aDescription based upon print version of record. 311 08$a1-322-03824-4 311 08$a3-0348-0815-1 320 $aIncludes bibliographical references at the end of each chapters. 327 $aFølner Sequences in Operator Theory and Operator Algebras -- On the Factorization of Some Block Triangular Almost Periodic Matrix Functions -- A C?-algebra of Singular Integral Operators with Shifts Similar to Affine Mappings -- On Cauchy Type Integrals Related to the Cimmino System of Partial Differential Equations -- Singular Integral Operators with Linear Fractional Shifts on the Unit Circle -- Diffraction from Polygonal-Conical Screens, An Operator Approach -- Boundedness of the Maximal and Singular Operators on Generalized Orlicz-Morrey Spaces -- On a Question by Markus Seidel -- Invertibility in Groupoid C?-algebras -- Boundedness of Pseudodifferential Operators on Banach Function Spaces -- On the Dimension of the Kernel of a Singular Integral Operator with Shift -- Inequalities Against Equations? -- C?-algebra Generated by Mapping Which Has Finite Orbits -- On Spectral Subspaces and Inner Endomorphisms of Some Semigroup Crossed Products -- And more. 330 $aThis book consists of research papers that cover the scientific areas of the International Workshop on Operator Theory, Operator Algebras and Applications, held in Lisbon in September 2012. The volume particularly focuses on (i) operator theory and harmonic analysis (singular integral operators with shifts; pseudodifferential operators, factorization of almost periodic matrix functions; inequalities; Cauchy type integrals; maximal and singular operators on generalized Orlicz-Morrey spaces; the Riesz potential operator; modification of Hadamard fractional integro-differentiation), (ii) operator algebras (invertibility in groupoid C*-algebras; inner endomorphisms of some semi group, crossed products; C*-algebras generated by mappings which have finite orbits; Folner sequences in operator algebras; arithmetic aspect of C*_r SL(2); C*-algebras of singular integral operators; algebras of operator sequences) and (iii) mathematical physics (operator approach to diffraction from polygonal-conical screens; Poisson geometry of difference Lax operators). 410 0$aOperator Theory: Advances and Applications,$x2296-4878 ;$v242 606 $aDifferential equations 606 $aOperator theory 606 $aDifferential Equations 606 $aOperator Theory 615 0$aDifferential equations. 615 0$aOperator theory. 615 14$aDifferential Equations. 615 24$aOperator Theory. 676 $a515.724 676 $a515.724 702 $aBastos$b M. Amélia$4edt$4http://id.loc.gov/vocabulary/relators/edt 702 $aLebre$b Amarino$4edt$4http://id.loc.gov/vocabulary/relators/edt 702 $aSamko$b Stefan$4edt$4http://id.loc.gov/vocabulary/relators/edt 702 $aSpitkovsky$b Ilya M$4edt$4http://id.loc.gov/vocabulary/relators/edt 712 12$aWorkshop on Operator Theory, Operator Algebras and Applications$f(2012 :$eLisbon, Portugal) 801 0$bMiAaPQ 801 1$bMiAaPQ 801 2$bMiAaPQ 906 $aBOOK 912 $a9910300159903321 996 $aOperator theory operator algebras and applications$9374896 997 $aUNINA